Palinología estratigráfica de la Formación Lotena, Jurásico medio de la cuenca neuquina /

"En este trabajo se estudia la asociación de dinoflagelados más antigua de América del Sur que se haya encontrado hasta el momento [...] El material estudiado comprende cuatro asociaciones microflorísticas con un total de 12 especies marinas y 20 especies terrestres."--Introducción.

Guardado en:
Autores Principales: Volkheimer, Wolfgang, 1928-2018. (Autor), Quattrocchio, Mirta Elena, 1950- (Autor)
Autor Corporativo: Congreso Geológico Argentino
Formato: Capítulo de libro
Idioma:Spanish
Materias:
Etiquetas: Agregar Etiqueta
Sin Etiquetas, Sea el primero en etiquetar este registro!
LEADER 01287naa a22002535a 4500
001 EUN.um024001
008 041125b198109uuag#a#####b####000#0#spa#d
005 20240205105754.0
245 1 0 |a Palinología estratigráfica de la Formación Lotena, Jurásico medio de la cuenca neuquina /  |c W. Volkheimer y M. Quattrocchio. 
300 |b il. ;  |c 23 cm. 
546 |a Resumen en inglés. 
520 |a "En este trabajo se estudia la asociación de dinoflagelados más antigua de América del Sur que se haya encontrado hasta el momento [...] El material estudiado comprende cuatro asociaciones microflorísticas con un total de 12 especies marinas y 20 especies terrestres."--Introducción. 
504 |a Bibliografía: p. 775. 
773 0 |t Congreso Geológico Argentino. 8.  |g Actas 4, (20-26 setiembre, 1981), p. 761-775. 
100 1 |a Volkheimer, Wolfgang,  |d 1928-2018.  |4 aut 
700 1 |a Quattrocchio, Mirta Elena,  |d 1950-  |4 aut 
711 2 |a Congreso Geológico Argentino  |n (8 :  |d 20-26 setiembre, 1981 :  |c San Luis) 
082 0 4 |a 560.17 
651 4 |a Argentina  |x Cuencas sedimentarias. 
650 1 4 |a Estratigrafía  |y Jurásico  |z América del Sur. 
650 1 7 |a Palinología.  |2 embne 
653 |a Cuenca neuquina 
041 1 |a spa  |b eng 
859 |a Ar-BaUNS  |b BIB. CENTRAL - Sector C  |h 560.17  |i V884-3  |p 89104/982